Hati yang terguris

Bibliographic Details
Main Author: Noriasah A.Karim
Format: Book
Published: Petaling Jaya : Longman , 1992
Series:Wauku bercerita
Subjects:

MARC

LEADER 00000cam a2200000 7i4500
001 0000001663
002 000001813
005 20000330.0
020 |a 9679768015 
090 0 0 |a JF   |b NOR 
100 0 |a Noriasah A.Karim 
245 1 0 |a Hati yang terguris   |c Noriasah A.Karim 
260 |a Petaling Jaya :   |b Longman ,   |c 1992 
300 |a 62p. :   |b ill ;   |c 21cm. 
490 0 |a Wauku bercerita 
650 0 0 |a Children's stories 
999 |a 026218   |b BUKU   |c PINJAMAN   |e PERPUSTAKAAN KOMUNITI PETALING JAYA 
999 |a 034252   |b BUKU   |c JUNIOR FICTION   |e PERPUSTAKAAN KOMUNITI PETALING JAYA 
999 |a 034254   |b BUKU   |c PINJAMAN   |e PERPUSTAKAAN KOMUNITI PETALING JAYA